<?xml version="1.0" encoding="UTF-8"?>
<collection xmlns="http://www.loc.gov/MARC21/slim">
 <record>
  <leader>03767nas a22006251  4500</leader>
  <controlfield tag="001">1/50212</controlfield>
  <controlfield tag="008">011206c19769999nyuqr1p           a0eng d</controlfield>
  <datafield tag="022" ind1=" " ind2=" ">
   <subfield code="a">0362-5915</subfield>
  </datafield>
  <datafield tag="035" ind1=" " ind2=" ">
   <subfield code="l">23311</subfield>
  </datafield>
  <datafield tag="040" ind1=" " ind2=" ">
   <subfield code="a">DLC</subfield>
   <subfield code="b">GR-PeUP</subfield>
  </datafield>
  <datafield tag="090" ind1=" " ind2=" ">
   <subfield code="a">Αλφαβητική σειρά</subfield>
  </datafield>
  <datafield tag="245" ind1="0" ind2="0">
   <subfield code="a">ACM transactions on database systems.</subfield>
  </datafield>
  <datafield tag="260" ind1=" " ind2=" ">
   <subfield code="a">[New York] :</subfield>
   <subfield code="b">Association for Computing Machinery,</subfield>
   <subfield code="c">1976-</subfield>
  </datafield>
  <datafield tag="300" ind1=" " ind2=" ">
   <subfield code="a">v. :</subfield>
   <subfield code="b">ill. ;</subfield>
   <subfield code="c">26 cm.</subfield>
  </datafield>
  <datafield tag="310" ind1=" " ind2=" ">
   <subfield code="a">Quarterly.</subfield>
  </datafield>
  <datafield tag="362" ind1="0" ind2=" ">
   <subfield code="a">Vol.6, no.1(March 1981)-v.24, no.4(Dec. 1999).</subfield>
  </datafield>
  <datafield tag="546" ind1=" " ind2=" ">
   <subfield code="a">English.</subfield>
  </datafield>
  <datafield tag="535" ind1="0" ind2=" ">
   <subfield code="a">Κλειστό Βιβλιοστάσιο.</subfield>
  </datafield>
  <datafield tag="650" ind1=" " ind2="4">
   <subfield code="a">Database management</subfield>
   <subfield code="v">Periodicals.</subfield>
  </datafield>
  <datafield tag="710" ind1="2" ind2=" ">
   <subfield code="a">Association for Computing Machinery.</subfield>
  </datafield>
  <datafield tag="852" ind1=" " ind2=" ">
   <subfield code="a">INST</subfield>
   <subfield code="b">UNIPILB</subfield>
   <subfield code="c">SERIALS</subfield>
   <subfield code="e">20050311</subfield>
   <subfield code="h">Αλφαβητική σειρά</subfield>
   <subfield code="p">41122</subfield>
   <subfield code="q">41122</subfield>
   <subfield code="t">NOLOAN</subfield>
   <subfield code="v">vol.27;no.1:(Μήνας)March;(Έτος)2002</subfield>
   <subfield code="y">23</subfield>
  </datafield>
  <datafield tag="852" ind1=" " ind2=" ">
   <subfield code="a">INST</subfield>
   <subfield code="b">UNIPILB</subfield>
   <subfield code="c">SERIALS</subfield>
   <subfield code="e">20050311</subfield>
   <subfield code="h">Αλφαβητική σειρά</subfield>
   <subfield code="p">41123</subfield>
   <subfield code="q">41123</subfield>
   <subfield code="t">NOLOAN</subfield>
   <subfield code="v">vol.27;no.2:(Μήνας)June;(Έτος)2002</subfield>
   <subfield code="y">23</subfield>
  </datafield>
  <datafield tag="852" ind1=" " ind2=" ">
   <subfield code="a">INST</subfield>
   <subfield code="b">UNIPILB</subfield>
   <subfield code="c">SERIALS</subfield>
   <subfield code="e">20050311</subfield>
   <subfield code="h">Αλφαβητική σειρά</subfield>
   <subfield code="p">41124</subfield>
   <subfield code="q">41124</subfield>
   <subfield code="t">NOLOAN</subfield>
   <subfield code="v">vol.27;no.3:(Μήνας)September;(Έτος)2002</subfield>
   <subfield code="y">23</subfield>
  </datafield>
  <datafield tag="852" ind1=" " ind2=" ">
   <subfield code="a">INST</subfield>
   <subfield code="b">UNIPILB</subfield>
   <subfield code="c">SERIALS</subfield>
   <subfield code="e">20050311</subfield>
   <subfield code="h">Αλφαβητική σειρά</subfield>
   <subfield code="p">41125</subfield>
   <subfield code="q">41125</subfield>
   <subfield code="t">NOLOAN</subfield>
   <subfield code="v">vol.27;no.4:(Μήνας)December;(Έτος)2002</subfield>
   <subfield code="y">23</subfield>
  </datafield>
  <datafield tag="852" ind1=" " ind2=" ">
   <subfield code="a">INST</subfield>
   <subfield code="b">UNIPILB</subfield>
   <subfield code="c">SERIALS</subfield>
   <subfield code="e">20090624</subfield>
   <subfield code="h">Αλφαβητική σειρά</subfield>
   <subfield code="p">64299</subfield>
   <subfield code="q">64299</subfield>
   <subfield code="t">NOLOAN</subfield>
   <subfield code="v">vol.33;no.4:(Μήνας)December;(Έτος)2008</subfield>
   <subfield code="y">23</subfield>
  </datafield>
  <datafield tag="856" ind1="4" ind2="1">
   <subfield code="u">http://dl.acm.org/citation.cfm?id=J777&amp;CFID=57707997&amp;CFTOKEN=61019264</subfield>
  </datafield>
  <datafield tag="900" ind1=" " ind2=" ">
   <subfield code="a">Vol. 34 no. 1 (March 2009)</subfield>
   <subfield code="b">Οφειλόμενο</subfield>
   <subfield code="c">01/12/2011</subfield>
  </datafield>
  <datafield tag="900" ind1=" " ind2=" ">
   <subfield code="a">Vol. 28 no. 1 (March 2003)</subfield>
   <subfield code="b">Οφειλόμενο</subfield>
   <subfield code="c">07/04/2005</subfield>
  </datafield>
  <datafield tag="900" ind1=" " ind2=" ">
   <subfield code="a">Vol. 28 no. 2 (June 2003)</subfield>
   <subfield code="b">Οφειλόμενο</subfield>
   <subfield code="c">24/06/2009</subfield>
  </datafield>
  <datafield tag="900" ind1=" " ind2=" ">
   <subfield code="a">Vol. 28 no. 3 (September 2003)</subfield>
   <subfield code="b">Οφειλόμενο</subfield>
   <subfield code="c">24/06/2009</subfield>
  </datafield>
  <datafield tag="900" ind1=" " ind2=" ">
   <subfield code="a">Vol. 28 no. 4 (December 2003)</subfield>
   <subfield code="b">Οφειλόμενο</subfield>
   <subfield code="c">24/06/2009</subfield>
  </datafield>
  <datafield tag="900" ind1=" " ind2=" ">
   <subfield code="a">Vol. 29 no. 1 (March 2004)</subfield>
   <subfield code="b">Οφειλόμενο</subfield>
   <subfield code="c">24/06/2009</subfield>
  </datafield>
  <datafield tag="900" ind1=" " ind2=" ">
   <subfield code="a">Vol. 29 no. 2 (June 2004)</subfield>
   <subfield code="b">Οφειλόμενο</subfield>
   <subfield code="c">24/06/2009</subfield>
  </datafield>
  <datafield tag="900" ind1=" " ind2=" ">
   <subfield code="a">Vol. 29 no. 3 (September 2004)</subfield>
   <subfield code="b">Οφειλόμενο</subfield>
   <subfield code="c">24/06/2009</subfield>
  </datafield>
  <datafield tag="900" ind1=" " ind2=" ">
   <subfield code="a">Vol. 29 no. 4 (December 2004)</subfield>
   <subfield code="b">Οφειλόμενο</subfield>
   <subfield code="c">24/06/2009</subfield>
  </datafield>
  <datafield tag="900" ind1=" " ind2=" ">
   <subfield code="a">Vol. 30 no. 1 (March 2005)</subfield>
   <subfield code="b">Οφειλόμενο</subfield>
   <subfield code="c">24/06/2009</subfield>
  </datafield>
  <datafield tag="900" ind1=" " ind2=" ">
   <subfield code="a">Vol. 30 no. 2 (June 2005)</subfield>
   <subfield code="b">Οφειλόμενο</subfield>
   <subfield code="c">24/06/2009</subfield>
  </datafield>
  <datafield tag="900" ind1=" " ind2=" ">
   <subfield code="a">Vol. 30 no. 3 (September 2005)</subfield>
   <subfield code="b">Οφειλόμενο</subfield>
   <subfield code="c">24/06/2009</subfield>
  </datafield>
  <datafield tag="900" ind1=" " ind2=" ">
   <subfield code="a">Vol. 30 no. 4 (December 2005)</subfield>
   <subfield code="b">Οφειλόμενο</subfield>
   <subfield code="c">24/06/2009</subfield>
  </datafield>
  <datafield tag="900" ind1=" " ind2=" ">
   <subfield code="a">Vol. 31 no. 1 (March 2006)</subfield>
   <subfield code="b">Οφειλόμενο</subfield>
   <subfield code="c">24/06/2009</subfield>
  </datafield>
  <datafield tag="900" ind1=" " ind2=" ">
   <subfield code="a">Vol. 31 no. 2 (June 2006)</subfield>
   <subfield code="b">Οφειλόμενο</subfield>
   <subfield code="c">24/06/2009</subfield>
  </datafield>
  <datafield tag="900" ind1=" " ind2=" ">
   <subfield code="a">Vol. 31 no. 3 (September 2006)</subfield>
   <subfield code="b">Οφειλόμενο</subfield>
   <subfield code="c">24/06/2009</subfield>
  </datafield>
  <datafield tag="900" ind1=" " ind2=" ">
   <subfield code="a">Vol. 31 no. 4 (December 2006)</subfield>
   <subfield code="b">Οφειλόμενο</subfield>
   <subfield code="c">26/07/2009</subfield>
  </datafield>
  <datafield tag="900" ind1=" " ind2=" ">
   <subfield code="a">Vol. 32 no. 1 (March 2007)</subfield>
   <subfield code="b">Οφειλόμενο</subfield>
   <subfield code="c">25/10/2009</subfield>
  </datafield>
  <datafield tag="900" ind1=" " ind2=" ">
   <subfield code="a">Vol. 32 no. 2 (June 2007)</subfield>
   <subfield code="b">Οφειλόμενο</subfield>
   <subfield code="c">25/01/2010</subfield>
  </datafield>
  <datafield tag="900" ind1=" " ind2=" ">
   <subfield code="a">Vol. 32 no. 3 (September 2007)</subfield>
   <subfield code="b">Οφειλόμενο</subfield>
   <subfield code="c">26/04/2010</subfield>
  </datafield>
  <datafield tag="900" ind1=" " ind2=" ">
   <subfield code="a">Vol. 32 no. 4 (December 2007)</subfield>
   <subfield code="b">Οφειλόμενο</subfield>
   <subfield code="c">27/08/2010</subfield>
  </datafield>
  <datafield tag="900" ind1=" " ind2=" ">
   <subfield code="a">Vol. 33 no. 1 (March 2008)</subfield>
   <subfield code="b">Οφειλόμενο</subfield>
   <subfield code="c">26/10/2010</subfield>
  </datafield>
  <datafield tag="900" ind1=" " ind2=" ">
   <subfield code="a">Vol. 33 no. 2 (June 2008)</subfield>
   <subfield code="b">Οφειλόμενο</subfield>
   <subfield code="c">08/02/2011</subfield>
  </datafield>
  <datafield tag="900" ind1=" " ind2=" ">
   <subfield code="a">Vol. 33 no. 3 (September 2008)</subfield>
   <subfield code="b">Οφειλόμενο</subfield>
   <subfield code="c">01/05/2011</subfield>
  </datafield>
  <datafield tag="950" ind1=" " ind2=" ">
   <subfield code="a">01/03/2002</subfield>
   <subfield code="c">ΑΡΧΕΙΟ ΠΕΡΙΟΔΙΚΩΝ</subfield>
   <subfield code="d">191</subfield>
  </datafield>
  <datafield tag="951" ind1=" " ind2=" ">
   <subfield code="a">Vol. 33 no. 4 (December 2008)</subfield>
   <subfield code="b">Main run</subfield>
  </datafield>
  <datafield tag="951" ind1=" " ind2=" ">
   <subfield code="a">Vol.6, no.1(March 1981)-v.24, no.4(Dec. 1999)</subfield>
   <subfield code="b">Main run</subfield>
  </datafield>
  <datafield tag="951" ind1=" " ind2=" ">
   <subfield code="a">Vol. 27 no. 1 (March 2002) - Vol. 27 no. 4 (December 2002)</subfield>
   <subfield code="b">Main run</subfield>
  </datafield>
  <datafield tag="952" ind1=" " ind2=" ">
   <subfield code="a">8(2)1983,10(1-3)1985,13(1)1988,21(1-4)1996,23(1)1998</subfield>
  </datafield>
 </record>
</collection>
